000 01080nam a2200253 i 4500
001 89120
003 ES-MaACL
005 20231229063023.0
007 t|
008 050105s1877 sp |||| | spa d
080 _a821.134.2-14"18"
100 1 _aZorrilla, José,
_d1817-1893
_9118354
245 1 0 _aLecturas públicas hechas en el Ateneo Científico y Literario de Madrid y en el Teatro de Jovellanos en 1877 /
_cpor su autor D. José Zorrilla ; [prólogo, José Félix del Moral].
260 _aMadrid :
_bLibrería de V. Suárez,
_c1877.
300 _aXVI, 319 p. ;
_c18 cm.
530 _aDisponible en formato digital.
594 _aContiene poesías leídas en el Ateneo la noche de su recepción el 19 de enero de 1877.
610 2 4 _aAteneo de Madrid-
_vConferencias-
_yS.XIX.
_91910
610 2 4 _aAteneo de Madrid-
_vVeladas literarias.
_91935
852 _aES-MaACL
_jA-503
852 _aES-MaACL
_jA-8700
856 _uhttp://bibliotecadigital.jcyl.es/i18n/consulta/registro.cmd?id=2276
_zBiblioteca Digital de Castilla y León
999 _c89120
_d89120